01607nam a2200181 a 450000100100000000500170001000800410002704000250006808200240009311000630011724500930018026000630027330000200033650000730035650508840042965000520131365000600136500000090920200929145433.0090609s1999 dr 001 0 spa d aDO-SdBNPbspacBNPHU a344.72093021bR426t1 aRepública Dominicana.bSecretaría de Estado de Trabajo10aTarifas de salarios mínimos nacionales aprobadas por el Comité Nacional de Salarios. aSanto Domingo :bSecretaría de Estado de Trabajo,c1999. a137 p. ;c21cm. aIncluye referencias bibliográficas y notas al pie de las páginas0 a1. Presentación --t2. Resolución no. 4-94 de fecha 21/9/94 --t3. Resolución no. 5-97 de fecha 6/11/97 --t4. Resolución no. 1- 98 de fecha 16/5/98--t5. Resolución no. 3-98 de fecha 30/5/98 --t6. Resolución no. 4-98 de fecha 14/8/98 --t7. Resolución no. 5-98 de fecha 22/10/98 --t8. Resolución no. 6-98 de fecha 4/11 /98 --t9. Resolución no. 1-99 de fecha 1/3/99 --t10. Resolución no. 2-99 de fecha 1/3/99 --t11. Resolución no. 3-99 de fecha 8/6/99 --t12. Resolución no. 4-99 de fecha 8/6/99 --t13. Resolución no. 5-99 de fecha 23/7/99 --t14. Resolución no. 7-99 de fecha 23/7/99 --t15. Resolución no. 8-99 de fecha 23/7/99 --t16. Resolución no. 9-99 de fecha 3/7/99 --t17. Resolución no. 10-99 de fecha 27/7/99 --t18. Resumen de los decretos, leyes y resoluciones que fijan salarios mínimos nacionales, desde el 1930 hasta 1999 4aSalariosxLegislaciónzRepública Dominicana 4aSalario mínimoxLegislaciónzRepública Dominicana